Optimalizácia NC programov pre viacosé obrábanie : Diplomová práca

Na minha lista:
Detalhes bibliográficos
Autor principal: Kapralčíková, Jana (Author)
Outros Autores: Lorencovičová, Jana (xxx)
Formato: Manuscrito Livro
Idioma:eslovaco
Publicado em: Trnava : STU v Bratislave MtF KAIA, 1994
Assuntos:
Tags: Adicionar Tag
Sem tags, seja o primeiro a adicionar uma tag!

MARC

LEADER 00000ntm a22000003a 4500
001 stu74136
005 20160719155108.1
008 020219s1994----xo------------------slo-d
040 |a STU  |b slo 
041 0 |a slo 
044 |a xo 
100 1 |a Kapralčíková, Jana  |4 aut 
245 1 |a Optimalizácia NC programov pre viacosé obrábanie :  |b Diplomová práca 
260 |a Trnava :  |b STU v Bratislave MtF KAIA,  |c 1994 
300 |a 51 s  |c výťah 
650 7 |a programovanie NC strojov  |2 stusub 
650 7 |a Obrábanie viacosé  |2 stusub 
650 7 |a Strojárska aplikovaná informatika  |2 stusub 
700 1 |a Lorencovičová, Jana  |4 xxx 
996 |b 284M041692  |c M*DP-1290  |l MMSKP  |s P  |a 0  |w stu74136_0001